Vybrané kapitoly z optimálního programování pro obor ekonomika zemědělství

Gespeichert in:
Bibliographische Detailangaben
1. Verfasser: Samek, Jaroslav
Körperschaft: Vysoká škola ekonomická v Praze. Fakulta řízení
Weitere Verfasser: Nečasová, Zdeňka
Format: Buch
Sprache:Tschechisch
Veröffentlicht: Praha Státní pedagogické nakladatelství 1982
Tags: Tag hinzufügen
Keine Tags, Fügen Sie das erste Tag hinzu!

MARC

LEADER 00000nam a2200000 4500
001 c134232
005 20190425094151.1
041 0 |a cze 
044 |a CZ 
245 1 0 |a Vybrané kapitoly z optimálního programování pro obor ekonomika zemědělství  |c Jaroslav Samek, Zdeňka Nečasová 
264 1 |a Praha  |b Státní pedagogické nakladatelství  |c 1982 
300 |a 210 s. 
100 1 |a Samek, Jaroslav 
700 1 |a Nečasová, Zdeňka 
710 2 |a Vysoká škola ekonomická v Praze. Fakulta řízení